000 00694nam a2200289Ia 4500
005 20260324123124.0
008 008 260324s9999 xx 000 0 eng d
020 _a9780429195044
037 _aEBOOK
040 _aCRL
040 _beng
040 _cCRL
041 _2eng
041 _aeng
084 _qCRL
100 _aRon C. McKinnon
_91148188
245 0 _aSafety Management
245 0 _bNear Miss Identification, Recognition, and Investigation
260 _bTaylor and Francis
260 _c2012
365 _a
365 _b225
856 _uhttp://www.taylorfrancis.com/books/9780429195044
942 _cEBOOK
999 _c1762347
_d1762347